000
00297nam a22001217a 4500
008
190314b xxu||||| |||| 00| 0 eng d
041
_a
eng
080
_a
043.3
100
_a
0
101
_a
INI-BA
245
_a
Menaxhimi dhe organizimi i punishtes (Kompleksi Valoni)
_c
Jusufi,I
942
_2
udc
_c
BK
999
_c
54781
_d
54781